000 00740cab a2200241 4500
001 X2981
008 090401t1995 xxu||||| |||| 00| 0 eng d
035 _a(Sirsi) u27672
041 _aeng
245 _aRisk justice and independent contractors; The demise of the rule in "Rylands and Fletcher" in Australia
260 _c1995
350 _a0
490 _aJournal of Environmental Law
_v7(2) 1995, 199-223(25)
520 _aDiscusses "Burnie Port Authority v General Jones Pty Ltd" High Court of Australia, 24 March 1994.
650 _aAUSTRALIA
650 _aESCAPE OF FIRE
650 _aNEGLIGENCE
650 _aOCCUPIERS' LIABILITY
650 _aRYLANDS V FLETCHER
690 _aLAW
942 _n0
948 _c04/03/1997
999 _c18633
_d18633